000 00451nam a2200181Ia 4500
005 20250423094508.0
008 250422s9999 xx 000 0 und d
020 _a9781119833963
050 _aNA 2543 .R37/
100 _aEdited by Jill Stoner and Ozayr Saloojee
245 0 _aArchitecture of refusal
260 _aUK
260 _bJohn Wiley & Sons Ltd
260 _c2022
300 _a136 p
650 _aArchitecture and race
942 _cBK
999 _c27408
_d27408